000 00626nam a2200205Ii 4500
003 JO-AjNU
008 230605s9999||||xx |||||||||||||| ||und||
040 _aJO-AjNU
_bara
_erda
_cJO-AjNU
041 _aara
050 1 4 _aPN45.M3342 2005
100 3 _aمحمود،إبراهيم,
_eauthor
_99082
245 0 0 _aنقد وحشي: رؤية لنص مختلف
250 _aط1
264 3 1 _aدمشق: دار الحوار، 2005
300 _a271ص
336 _atext
_btxt
_2rdacontent
337 _aunmediated
_bn
_2rdamedia
338 _avolume
_bnc
_2rdacarrier
650 4 _aالأدب العربي - تاريخ ونقد
_99083
999 _aA1117
_c4685
_d4685